| Tag |
First Indicator |
Second Indicator |
Subfields |
| LEADER |
00000cam a2200000 4500 |
| 001 |
in00000022843 |
| 005 |
20151007064150.0 |
| 008 |
800705s1913 enk 00000 eng d |
| 035 |
|
|
|a (OCoLC)06484817
|
| 035 |
|
|
|9 AAD9205AM
|
| 040 |
|
|
|a TXA
|c TXA
|d UtOrBLW
|
| 049 |
|
|
|a TXAM
|c [6133]
|
| 050 |
|
4 |
|a PR5182
|b .T8 1913
|
| 092 |
|
|
|a 822
|b P65t
|
| 100 |
1 |
|
|a Pinero, Arthur Wing,
|d 1855-1934.
|
| 245 |
1 |
0 |
|a Trelawny of the "Wells" ;
|b a comedietta in four acts ...
|
| 264 |
|
1 |
|a London :
|b Heinemann,
|c 1913.
|
| 300 |
|
|
|a 215 pages
|
| 336 |
|
|
|a text
|b txt
|2 rdacontent
|
| 337 |
|
|
|a unmediated
|b n
|2 rdamedia
|
| 338 |
|
|
|a volume
|b nc
|2 rdacarrier
|
| 999 |
|
|
|a MARS
|
| 999 |
f |
f |
|s c19f2c3f-181e-3c8a-b059-f2152d205148
|i 9701c2b5-ef8f-3ae9-a97e-b9e3104d52e2
|t 0
|
| 952 |
f |
f |
|p normal
|a Texas A&M University
|b College Station
|c Sterling C. Evans Library
|d Evans: Library Stacks
|t 0
|e PR5182 .T8 1913
|h Library of Congress classification
|i unmediated -- volume
|m A14801299421
|
| 998 |
f |
f |
|a PR5182 .T8 1913
|t 0
|l Evans: Library Stacks
|